000 01595nam0a22002771 4500
001 rc\3476367
005 20260407142340.0
021 _aRU
_bП2882-71
035 _a(NLR Aleph) 007599387
090 _a5697437
_c5697437
100 _a20130115d1970 |||y0rusy50 ca
101 0 _arus
102 _aRU
105 _ay z |||||
200 1 _aДоклады и информации Научно-технической конференции (18-20 февраля 1970 года)
_fМ-во гражд. авиации СССР. Всесоюз. науч.-исслед. ин-т с.-х. и спец. применения гражд. авиации. Отд. науч.-техн. информации
210 _aКраснодар
_cБ. и.
_d1970
215 _a144 с.
_d20
225 1 _aАвиация в народном хозяйстве СССР
_vВып. 7
532 1 1 _aДоклады и информации Научно-технической конференции восемнадцатое - 20 февраля 1970 года
710 1 2 _aНаучно-техническая конференция по вопросу организации и улучшению методов авиационно-химических работ в сельском хозяйстве (1970; Краснодар)
712 0 2 _aВНИИ применения гражданской авиации в народном хозяйстве
_cКраснодар
_3RU\NLR\AUTH\8810011958
_9521680
801 0 _aRU
_bNLR
_gpsbo
801 1 _aRU
_bELAR
_2rusmarc
852 _aNLR
_jП10/3892
942 _cBOOK
980 _aNB